Click Countries of Europe on a Map - Sudden Death - Statistics

General Stats
  • This quiz has been taken 319 times
  • The average score is 26 of 45
Answers on the Map
Answers color-coded by a green-red scale on the quiz's map according to % correct below.
 
Answer Stats
Answer % Correct
Russia
66%
Ukraine
65%
Italy
64%
France
63%
Norway
63%
Poland
63%
Romania
63%
Sweden
63%
Denmark
62%
Finland
62%
Greece
62%
Spain
62%
Switzerland
62%
Iceland
61%
Portugal
61%
United Kingdom
61%
Ireland
60%
Malta
60%
Belarus
59%
Bulgaria
59%
Estonia
59%
Moldova
59%
Austria
58%
Croatia
58%
Germany
58%
Luxembourg
58%
Monaco
58%
North
Macedonia
58%
San Marino
58%
Hungary
57%
Netherlands
57%
Serbia
57%
Belgium
56%
Czech Republic
56%
Slovenia
56%
Andorra
55%
Kosovo
55%
Lithuania
55%
Slovakia
54%
Vatican City
54%
Albania
53%
Bosnia and
Herzegovina
53%
Latvia
53%
Liechtenstein
53%
Montenegro
53%
No matching quizzes found
Score Distribution
Percent of People with Each Score
Percentile by Number Answered
Your Score History
You have not taken this quiz